<A> test for strategic excess capacity.

Nadmerné využívanie kapacít ako možná strategická zbraň oligopolnej konkurencie - možnosti jej využitia a testovania pri použití údajov z vybraných podnikov. Formy vzniku nadmernej kapacity. Úloha nadmernej kapacity vo vstupných bariérach. Alternatívne dôvody existencie nadmernej kapacity podnikov.

Na minha lista:
Detalhes bibliográficos
Autor principal: Conrad, K.
Outros Autores: Veall, M.R
Formato: Capítulo de Livro
Idioma:inglês
Assuntos:
Tags: Adicionar Tag
Sem tags, seja o primeiro a adicionar uma tag!

MARC

LEADER 00000naa a2200000 4500
001 r008091
005 20221130103048.9
041 0 |a eng 
044 |a AT 
245 1 0 |a <A> test for strategic excess capacity.  |c K. Conrad, M.R. Veall 
520 |a Nadmerné využívanie kapacít ako možná strategická zbraň oligopolnej konkurencie - možnosti jej využitia a testovania pri použití údajov z vybraných podnikov. Formy vzniku nadmernej kapacity. Úloha nadmernej kapacity vo vstupných bariérach. Alternatívne dôvody existencie nadmernej kapacity podnikov. 
610 2 0 |a kapacita výrobná 
610 2 0 |a podnik 
610 2 0 |a oligopoly 
610 2 0 |a konkurencia 
610 2 0 |a testy 
610 2 0 |a výskum podnikový 
610 2 0 |a modely 
100 1 |a Conrad, K. 
700 1 |a Veall, M.R.